000 00876cam a2200217 a 4500
001 000007461
005 20200929154158.0
008 770823s1976 ec 001 0 spa
040 _aDO-SdBNP
_cDLC
_dDLC
082 _aE864.44
_bS487e
100 1 _aSerrano Aguirre, Ángel,
_d1934-1974
_920744
245 1 0 _aEnsayos /
_cÁngel Serrano Aguirre.
260 _aQuito, Ecuador :
_bCasa de la Cultura Ecuatoriana,
_c1976.
300 _a196 p. ;
_c19 cm.
505 0 _aAnte lo sencillo -- El viajero -- Ante los problemas sociales -- Ante los problemas eternos -- Facetas del alma del español -- El sentido de la muerte en la poesía de Federico García Lorca -- Apreciaciones y sentimientos sobre el país del arte.
650 4 _aEnsayos ecuatorianos
_93909
650 4 _aLiteratura ecuatoriana
_93938
910 _aCatalogación derivada / LC
910 _aWM
049 _aBNGR
999 _c7242
_d7242